000 01085nam0a22002771 4500
001 rc\4967676
005 20130426164538.4
021 _aRU
_b[64-18793]
035 _a(NLR Aleph) 008961736
090 _a9068513
_c9068513
100 _a20130426d1964 |||y0rusy50 ca
101 0 _arus
102 _aRU
105 _aa z |||||
200 1 _aТорможение автомобиля и автопоезда
_eЭлементы теории торможения, методы оценки тормозных свойств, пути совершенствования тормозных систем
210 _aМосква
_cМашиностроение
_d1964
215 _a243 с.
_cил.
_d22
320 _aБиблиогр.: с. 240-241 (48 назв.)
606 _aАвтомобили
_xТорможение
_2psbo
606 _aАвтопоезда
_xТорможение
_2psbo
700 1 _aРозанов
_bВ. Г.
_gВладимир Григорьевич
801 0 _aRU
_bNLR
_gpsbo
801 1 _aRU
_bELAR
_2rusmarc
852 _aNLR
_j64-5/1621
942 _cBOOK
980 _aNB